Southville International School and Colleges
Your cart is empty.
  • Cart
  • Lists
    Public lists Eva Luna New books Lux_list list_1
    Your lists Log in to create your own lists
  • Log in to your account
  • Your cookies
  • Search history
Southville International School and Colleges
  • Advanced search
  • Recent comments
  • Most popular
  • Libraries

Log in to your account

Log in with GOOGLE


If you do not have an external account, but do have a local account, you can still log in:

  1. Home
  2. MARC view: Mermaids don't run track /
Normal view MARC view ISBD view

Mermaids don't run track / (Record no. 34535)

[ view plain ]
MARC details
000 -LEADER
fixed length control field 00878cam a22002773a 4500
001 - CONTROL NUMBER
control field 16382214
003 - CONTROL NUMBER IDENTIFIER
control field ost
005 - DATE AND TIME OF LATEST TRANSACTION
control field 20140310184447.0
008 - FIXED-LENGTH DATA ELEMENTS--GENERAL INFORMATION
fixed length control field 970421s1997 nyua j 000 1 eng d
010 ## - LIBRARY OF CONGRESS CONTROL NUMBER
LC control number 97812044
020 ## - INTERNATIONAL STANDARD BOOK NUMBER
International Standard Book Number 0590849069
Terms of availability $3.50
035 ## - SYSTEM CONTROL NUMBER
System control number (OCoLC)ocm36774796
040 ## - CATALOGING SOURCE
Original cataloging agency EOW
Transcribing agency EOW
Modifying agency OCL
-- SLC
-- DLC
050 00 - LIBRARY OF CONGRESS CALL NUMBER
Classification number PZ 7
Item number .D121m26 2007
100 1# - MAIN ENTRY--PERSONAL NAME
Personal name Dadey, Debbie.
9 (RLIN) 4137
245 10 - TITLE STATEMENT
Title Mermaids don't run track /
Statement of responsibility, etc by Debbie Dadey and Marcia Thornton Jones ; illustrated by John Steven Gurney.
260 ## - PUBLICATION, DISTRIBUTION, ETC. (IMPRINT)
Place of publication, distribution, etc New York :
Name of publisher, distributor, etc Scholastic Inc.,
Date of publication, distribution, etc 2007.
300 ## - PHYSICAL DESCRIPTION
Extent 72 p. :
Other physical details ill. ;
Dimensions 20 cm.
490 1# - SERIES STATEMENT
Series statement Adventures of the bailey school kids
Volume number/sequential designation 26
521 ## - TARGET AUDIENCE NOTE
Target audience note
526 ## - STUDY PROGRAM INFORMATION NOTE
Reading level 620
600 ## - SUBJECT ADDED ENTRY--PERSONAL NAME
Personal name Jones, Marcia Thornton.
9 (RLIN) 4140
650 ## - SUBJECT ADDED ENTRY--TOPICAL TERM
Topical term or geographic name as entry element Fiction
General subdivision Juvenile literature
-- Mermaids
-- Children stories
9 (RLIN) 30099
942 ## - ADDED ENTRY ELEMENTS (KOHA)
Source of classification or shelving scheme Library of Congress Classification
Koha item type
Holdings
Withdrawn status Lost status Source of classification or shelving scheme Damaged status Home library Current library Shelving location Date acquired Total Checkouts Full call number Barcode Date last seen Copy number Price effective from Koha item type Date checked out
    Library of Congress Classification   Luxembourg Library Luxembourg Library Scholastic Reading Center Section 10/10/2013   PZ 7 .D121m26 2007 LEX2645 04/18/2017 1 10/10/2013 Books  
    Library of Congress Classification   Luxembourg Library Luxembourg Library Scholastic Reading Center Section 11/12/2013 1 PZ 7 .D121m26 2007 LEX2752 04/18/2017 2 11/12/2013 Books 09/13/2016

Mermaids don't run track /

APA

Dadey D., . (2007). Mermaids don't run track. New York: Scholastic Inc.

Chicago

Dadey Debbie, . 2007. Mermaids don't run track. New York: Scholastic Inc.

Harvard

Dadey D., . (2007). Mermaids don't run track. New York: Scholastic Inc.

MLA

Dadey Debbie, . Mermaids don't run track. New York: Scholastic Inc. 2007.

  • Place hold
  • Print
  • Cite
  • Add to your cart (remove)
  • Save record
    BIBTEX Dublin Core MARCXML MARC (non-Unicode/MARC-8) MARC (Unicode/UTF-8) MARC (Unicode/UTF-8, Standard) MODS (XML) RIS
  • More searches
    Search for this title in:
    Other Libraries (WorldCat) Other Databases (Google Scholar) Online Stores (Bookfinder.com) Open Library (openlibrary.org)

Exporting to Dublin Core...

SOUTHVILLE LIBRARY

Southville International School and Colleges Library

1281 Tropical Ave. Cor. Luxembourg St., BF Homes International, Las Pinas City

Tel. No. 8256374 / 252358 Loc. 117/146

Powered by Koha